LIBRARY & INFORMATION CENTRE, KCAET, TAVANUR

ONLINE PUBLIC ACCESS CATALOGUE (OPAC)

Vijayakodi / (Record no. 1083)

MARC details
000 -LEADER
fixed length control field 00382cam a2200157ua 4500
041 ## - LANGUAGE CODE
Language code of text/sound track or separate title mal
082 ## - DEWEY DECIMAL CLASSIFICATION NUMBER
Classification number 894.812 2
Item number VEN/VI
100 ## - MAIN ENTRY--AUTHOR NAME
Personal name Venuj, Klappana .
245 ## - TITLE STATEMENT
Title Vijayakodi /
260 ## - PUBLICATION, DISTRIBUTION, ETC. (IMPRINT)
Place of publication Kayamkulam :
Name of publisher Town Press ,
Year of publication 1955.
300 ## - PHYSICAL DESCRIPTION
Number of Pages 75 ; .
650 ## - SUBJECT ADDED ENTRY--TOPICAL TERM
Topical Term Drama - Malayalam
942 ## - ADDED ENTRY ELEMENTS (KOHA)
Koha item type Books
Holdings
Withdrawn status Lost status Damaged status Home library Current library Date acquired Full call number Accession Number Koha item type
      KAUAET KAUAET 07/04/2012 894.812 2 1511 Books
free website counter